00587 a2200181 450000100060000002000180000604000260002410000210005024000340007124500290010530000070013436200090014165000230015094200070017395201120018095200960029299900170038848376 a9788516091866 cAnchieta - Bela Vista aAzevado, Ricardo10aO sábio ao contráriolpor10aO sábio ao contrário a760 a2014 4aLiteratura juvenil cBK 00104070a91.4b91.4d2023-11-21l0oLJ 028.5 A994o AZE SABp281/BELr2023-11-21 17:39:44w2023-11-21yBK 00102ddc4070a57.2b57.2d2024-07-05l0pif880r2024-07-05 13:54:42w2024-07-05yBKzOu c48376d48376